Das "Innere Kabinett" : (Titelsatznr. 54755)
[ MARC ]
| 000 -Satzkennung | |
|---|---|
| Kontrollfeld mit fester Länge | 00791nam a22002531c 4500 |
| 001 - Kontrollnummer | |
| Kontrollfeld | 00107647214 |
| 008 - Feld mit fester Länge zur physischen Beschreibung - Allgemeine Angaben | |
| Kontrollfeld mit fester Länge | 051003s1996 gw |||| 000u ger d |
| 020 ## - Internationale Standardbuchnummer | |
| Internationale Standardbuchnummer | 3786814465 |
| Verknüpfung | 3-7868-1446-5 |
| 041 ## - Sprachcode | |
| Sprachcode des Textes/der Tonspur oder des separaten Titels | ger |
| 040 ## - Katalogisierungsquelle | |
| Übertragungsstelle | RU-10907106 |
| 003 - Kontrollnummer Identifier | |
| Kontrollfeld | RU-10907106 |
| 100 1# - Haupteintragung - Personenname | |
| Personenname | Cornelißen, Christoph |
| 245 04 - Titel | |
| Titel | Das "Innere Kabinett" : |
| Zusatz zum Titel | die höhere Beamtenschaft und der Aufbau des Wohlfahrtsstaates in Grossbritannien 1893-1919 / |
| Verfasserangabe etc. | von Christoph Cornelissen |
| 264 ## - Produktion, Veröffentlichung, Distribution, Herstellung und Urheberrechtsvermerk | |
| Herstellungs-, Veröffentlichungs- Vertriebs-, Erzeugungsort | Husum : |
| Produzent, Herausgeber, Distributor, Hersteller | Matthiesen, |
| Datum der Herstellung, der Veröffentlichung, des Vertriebs oder des Urheberschutzvermerks | 1996 |
| 300 ## - Physische Beschreibung | |
| Umfang | 420 S. |
| 490 #0 - Gesamttitelangabe | |
| Gesamttitelangabe | Historische Studien |
| Bandnummer/Folgebezeichnung | 446 |
| 502 ## - Dissertationsvermerk | |
| Dissertationsvermerk | Zugl.: Düsseldorf, Univ., Diss., 1991/92 |
| 650 #0 - Nebeneintragung unter einem Schlagwort - Sachschlagwort | |
| Sachschlagwort oder geografischer Name als Eintragungselement | Führungskraft |
| 650 #0 - Nebeneintragung unter einem Schlagwort - Sachschlagwort | |
| Sachschlagwort oder geografischer Name als Eintragungselement | Höherer Dienst |
| 650 #0 - Nebeneintragung unter einem Schlagwort - Sachschlagwort | |
| Sachschlagwort oder geografischer Name als Eintragungselement | Wohlfahrtsstaat |
| 651 #0 - Nebeneintragung unter einem Schlagwort - Geografischer Name | |
| Geografischer Name | Großbritannien |
| 655 #0 - Indexierungsterm - Genre/Form | |
| Genre/Form oder fokussierter Term | Hochschulschrift |
| 942 ## - Zusätzliche Felder (Koha) | |
| Koha-Medientyp | Monographien |
| Ausgeschieden | Verloren | Klassifikation oder Aufstellungssystematik | Beschädigt | Nicht entleihbar | Heimatbibliothek | Aufenthaltsbibliothek | Aufstellungsort | Erwerbungsdatum | Inventarnummer | Signatur | Barcode | Letzte Aktivität | Preis gültig von | Koha-Medientyp |
|---|---|---|---|---|---|---|---|---|---|---|---|---|---|---|
| Andere/Generische Klassifikation | MWN Osteuropa | MWN Osteuropa | Lesesaal - 1 | 03/10/2005 | 05-04728 | W 54 D d Cor | E004015078F6B91B | 22/02/2021 | 22/03/2021 | Monographien |